Imperskie i nacional'nye modeli upravlenija: rossijskij i evropejskij opyt : (Titelsatznr. 14874)
[ MARC ]
| 000 -Satzkennung | |
|---|---|
| Kontrollfeld mit fester Länge | 00600nam a22001811c 4500 |
| 001 - Kontrollnummer | |
| Kontrollfeld | a987660706 |
| 008 - Feld mit fester Länge zur physischen Beschreibung - Allgemeine Angaben | |
| Kontrollfeld mit fester Länge | 080418s2007 gw |||| 000u rus d |
| 041 ## - Sprachcode | |
| Sprachcode des Textes/der Tonspur oder des separaten Titels | rus |
| 040 ## - Katalogisierungsquelle | |
| Übertragungsstelle | RU-10907106 |
| 003 - Kontrollnummer Identifier | |
| Kontrollfeld | RU-10907106 |
| 245 00 - Titel | |
| Titel | Imperskie i nacional'nye modeli upravlenija: rossijskij i evropejskij opyt : |
| Zusatz zum Titel | Materialy meždunarodnoj naučnoj konferencii |
| 264 ## - Produktion, Veröffentlichung, Distribution, Herstellung und Urheberrechtsvermerk | |
| Herstellungs-, Veröffentlichungs- Vertriebs-, Erzeugungsort | Moskva, |
| Datum der Herstellung, der Veröffentlichung, des Vertriebs oder des Urheberschutzvermerks | 2007 |
| 300 ## - Physische Beschreibung | |
| Umfang | 490 S. |
| 700 1# - Nebeneintragung - Personenname | |
| Personenname | Čubarjan, Aleksandr O. |
| Funktionsbezeichnung | HerausgeberIn |
| 710 2# - Nebeneintragung - Körperschaftsname | |
| Körperschafts- oder Gebietskörperschaftsname als Eintragungselement | Meždunarodnaja naučnaja konferencija <2006, Kazan'> |
| 710 2# - Nebeneintragung - Körperschaftsname | |
| Körperschafts- oder Gebietskörperschaftsname als Eintragungselement | Kazanskij gosudarstvennyj universitet [u.a] |
| 942 ## - Zusätzliche Felder (Koha) | |
| Koha-Medientyp | Monographien |
| Ausgeschieden | Verloren | Klassifikation oder Aufstellungssystematik | Beschädigt | Nicht entleihbar | Heimatbibliothek | Aufenthaltsbibliothek | Aufstellungsort | Erwerbungsdatum | Inventarnummer | Signatur | Barcode | Letzte Aktivität | Preis gültig von | Koha-Medientyp |
|---|---|---|---|---|---|---|---|---|---|---|---|---|---|---|
| Andere/Generische Klassifikation | MWN Osteuropa | MWN Osteuropa | Magazin - 2 | 18/04/2008 | 08-01217 | R 50 d Cub | E004015073DE836C | 23/02/2021 | 22/03/2021 | Monographien |